UBT Library

Denial of the soul : (Record no. 44124)

000 -LEADER
fixed length control field 00738cam a2200241 a 4500
001 - CONTROL NUMBER
control field 2606006
005 - DATE AND TIME OF LATEST TRANSACTION
control field 20180306033017.0
008 - FIXED-LENGTH DATA ELEMENTS--GENERAL INFORMATION
fixed length control field 970603s1997 nyu b 001 0 eng d
010 ## - LIBRARY OF CONGRESS CONTROL NUMBER
LC control number 97157271
020 ## - INTERNATIONAL STANDARD BOOK NUMBER
International Standard Book Number 0517708655
035 ## - SYSTEM CONTROL NUMBER
System control number (OCoLC)36645959
040 ## - CATALOGING SOURCE
Original cataloging agency PNX
Transcribing agency PNX
Modifying agency BKL
-- DLC
041 ## - LANGUAGE CODE
Language code of text/sound track or separate title eng
042 ## - AUTHENTICATION CODE
Authentication code lccopycat
080 ## - UNIVERSAL DECIMAL CLASSIFICATION NUMBER
Universal Decimal Classification number 179.7 sco
082 00 - DEWEY DECIMAL CLASSIFICATION NUMBER
Classification number 179.7 sco
Edition number 21
100 1# - Rafti
Rafti 4
101 ## - Shkurtesa
Shkurtesa shm
245 10 - TITLE STATEMENT
Title Denial of the soul :
Statement of responsibility, etc M. Scott Peck.
906 ## - LOCAL DATA ELEMENT F, LDF (RLIN)
a 7
b cbc
c copycat
d u
e ncip
f 19
g y-gencatlg
942 ## - ADDED ENTRY ELEMENTS (KOHA)
Source of classification or shelving scheme
Item type Books
Holdings
Withdrawn status Lost status Source of classification or shelving scheme Damaged status Not for loan Collection code Permanent location Current location Shelving location Date acquired Total Checkouts Full call number Barcode Date last seen Price effective from Koha item type
          Koleksioni i përgjithshem UBT - Lipjan UBT - Lipjan Koleksioni i përgjithshem 03/06/2018   179.7 sco 002-3000995 03/06/2018 03/06/2018 Books
UBT Library © 2015-2024. All rights reserved University Education for Business and Technology